[Event "Slav 3"]
[Site "SchemingMind.com"]
[Date "2019.11.02"]
[Round "-"]
[White "The Stonewall"]
[Black "splinter"]
[Result "1-0"]
[WhiteCountry "ENG"]
[BlackCountry "CAN"]
[WhiteElo "2372"]
[WhiteRD "74"]
[BlackElo "1837"]
[BlackRD "76"]
[GameID "447495"]

1. d4 d5 2. c4 c6 3. Nf3 Nf6 4. e3 e6 5. Nc3 Nbd7 6. Qc2 Bb4 7. Bd3 dxc4 8. Bxc4 Nb6 9. Bd3 Nbd5 10. e4 Nxc3
11. bxc3 Be7 12. O-O O-O 13. e5 Nd5 14. Bxh7+ Kh8 15. Be4 f5 16. exf6 Bxf6 17. Ba3 Be7 18. Bxe7 Qxe7 19. Ne5 Qg5 20. Ng6+ Kg8
21. Nxf8 Kxf8 22. f4 Qg4 23. Rf3 Nf6 24. Bg6 b5 25. Raf1 Bb7 26. Rg3 Qh4 27. Qe2 Bc8 28. Rh3 Qg4 29. Rh8+ Ke7 30. Qd3 b4
31. h3 Ba6 32. Qxa6 Qxg6 33. Rxa8
1-0

[Event "Slav 3"]
[Site "SchemingMind.com"]
[Date "2019.11.01"]
[Round "-"]
[White "splinter"]
[Black "The Stonewall"]
[Result "0-1"]
[WhiteCountry "CAN"]
[BlackCountry "ENG"]
[WhiteElo "1837"]
[WhiteRD "76"]
[BlackElo "2372"]
[BlackRD "74"]
[GameID "447496"]

1. d4 d5 2. c4 c6 3. Nf3 e6 4. Nc3 dxc4 5. a4 Bb4 6. e3 b5 7. axb5 cxb5 8. Bd2 Bxc3 9. Bxc3 a5 10. d5 Nf6
11. d6 O-O 12. Bxf6 Qxf6 13. Qd4 Rd8 14. Qxf6 gxf6 15. Nd4 Bd7 16. Kd2 e5 17. Nc2 Bc6 18. Be2 Rxd6+ 19. Kc1 Nd7 20. Bf3 Bxf3
21. gxf3 Nc5 22. Rg1+ Kf8 23. Kb1 Nb3 24. Ra3 Rad8 25. e4 Rd1+ 26. Rxd1 Rxd1+ 27. Ka2 a4
0-1

[Event "Slav 3"]
[Site "SchemingMind.com"]
[Date "2019.11.05"]
[Round "-"]
[White "maro"]
[Black "splinter"]
[Result "0-1"]
[WhiteCountry "MEX"]
[BlackCountry "CAN"]
[WhiteElo "1463"]
[WhiteRD "72"]
[BlackElo "1816"]
[BlackRD "76"]
[GameID "447497"]

1. d4 d5 2. c4 c6 3. Nc3 Nf6 4. c5 g6 5. e3 Bg7 6. Bd3 O-O 7. Nf3 Nbd7 8. O-O b6 9. cxb6 axb6 10. e4 dxe4
11. Nxe4 Bb7 12. Bf4 Nd5 13. Qd2 N7f6 14. Nxf6+ Bxf6 15. Bh6 Bg7 16. Bxg7 Kxg7 17. Bc4 Ba6 18. Bxa6 Rxa6 19. Qd3 Ra7 20. Qe4 e6
21. Qe5+ Kg8 22. g3 Qe7 23. a3 f6 24. Qe2 Re8 25. Qc4 Rc7 26. Rfe1 Kf7 27. h4 h5 28. Nd2 Rd8 29. b4 b5 30. Qb3 Ra7
31. Ne4 Re8 32. Rec1 Rea8 33. Rxc6 Nxb4 34. Rb6 Nd5 35. Nd6+ Kg7 36. Rc6 b4 37. a4 Qd7 38. Qc4 Rxa4 39. Rxa4 Rxa4 40. Nb5 Ra1+
41. Kg2 b3 42. Rd6 Qb7 43. Rxe6 Ne3+
0-1

[Event "Slav 3"]
[Site "SchemingMind.com"]
[Date "2019.11.02"]
[Round "-"]
[White "Transcendent"]
[Black "splinter"]
[Result "0-1"]
[WhiteCountry "ENG"]
[BlackCountry "CAN"]
[WhiteElo "1084"]
[WhiteRD "93"]
[BlackElo "1828"]
[BlackRD "75"]
[GameID "447499"]

1. d4 d5 2. c4 c6 3. Nf3 Nf6 4. e3 e6 5. Nc3 Nbd7 6. Qc2 Be7 7. Bd3 O-O 8. O-O Qc7 9. Bd2 e5 10. cxd5 cxd5
11. dxe5 Nxe5 12. Nxe5 Qxe5 13. Rac1 Bd7 14. Qb3 b6 15. Ne2 Bd6 16. Ng3 Qg5
0-1

[Event "Slav 3"]
[Site "SchemingMind.com"]
[Date "2019.11.01"]
[Round "-"]
[White "splinter"]
[Black "Transcendent"]
[Result "1-0"]
[WhiteCountry "CAN"]
[BlackCountry "ENG"]
[WhiteElo "1828"]
[WhiteRD "75"]
[BlackElo "1084"]
[BlackRD "93"]
[GameID "447500"]

1. d4 d5 2. c4 c6 3. Nf3 Nf6 4. Nc3 dxc4 5. e4 b5 6. Qc2 e6 7. Be2 Bb7 8. O-O h6 9. Be3 Be7 10. Nd2 O-O
11. Rad1 Nbd7 12. f4 Nh7 13. Nf3 Qc7 14. e5 a6 15. b3 cxb3 16. axb3 Rfd8 17. Bd3
1-0

[Event "Slav 3"]
[Site "SchemingMind.com"]
[Date "2019.11.01"]
[Round "-"]
[White "Chessibelle"]
[Black "splinter"]
[Result "0-1"]
[WhiteCountry "ENG"]
[BlackCountry "CAN"]
[WhiteElo "1156"]
[WhiteRD "56"]
[BlackElo "1837"]
[BlackRD "76"]
[GameID "447501"]

1. d4 d5 2. c4 c6 3. Bd2 dxc4 4. Bc3 Nf6 5. g3 Qd5 6. Nf3 Bg4 7. Bg2 Bxf3 8. Bxf3 Qf5 9. Nd2 b5 10. O-O Nbd7
11. Bxc6 h5 12. Bxa8 h4 13. Bg2 e5 14. e4 Qh7 15. dxe5 hxg3 16. fxg3 Qxh2+ 17. Kf2 Bc5+ 18. Ke1 Qxg3+ 19. Rf2 Qxf2#
0-1

[Event "Slav 3"]
[Site "SchemingMind.com"]
[Date "2019.11.01"]
[Round "-"]
[White "splinter"]
[Black "Chessibelle"]
[Result "1-0"]
[WhiteCountry "CAN"]
[BlackCountry "ENG"]
[WhiteElo "1837"]
[WhiteRD "76"]
[BlackElo "1156"]
[BlackRD "56"]
[GameID "447502"]

1. d4 d5 2. c4 c6 3. Nf3 e6 4. Nc3 Ne7 5. Bg5 Qc7 6. e4 g6 7. Bf6 Rg8 8. Be5 Qd7 9. Ng5 a6 10. Nxh7 Bh6
11. Nf6+ Kd8 12. Nxd7 Nxd7 13. Bd6 f5 14. exd5 cxd5 15. cxd5 exd5 16. Be2 Nc6 17. Nxd5 Bg7 18. O-O Nxd4 19. Re1 b5 20. Bc7+ Ke8
21. Bxb5+ Kf7 22. Re7+ Kf8 23. Bxd7 Bb7 24. Qe1 Bxd5 25. Re8+ Kf7 26. Qe7#
1-0